Informe de prácticas profesionales en la Dirección General de Proyectos de la Alcaldía de Managua durante noviembre 2015-octubre 2016
Presenta un Informe de prácticas profesionales en la Dirección General de Proyectos de la Alcaldía de Managua durante noviembre 2015-octubre 2016. Dicho proyecto conlleva como objetivos, determinar la importancia social y cultural de este proyecto, que por su tipología arquitectónica requiere d...
| Main Author: | |
|---|---|
| Other Authors: | |
| Format: | Tesis Section = Libro |
| Language: | Undetermined Spanish |
| Published: |
Managua
UNI
2016
|
| Subjects: |
| LEADER | 01275nam a2200253Ia 4500 | ||
|---|---|---|---|
| 008 | 240830s9999 xx 000 0 und d | ||
| 040 | |a BIBLIOTECA-RUSB/ Mon 727.1 D352 | ||
| 041 | |a spa | ||
| 082 | |a Mon 727.1 D352 | ||
| 100 | 1 | |a Delgado Navarrete, Carlos Alberto | |
| 245 | 1 | 0 | |a Informe de prácticas profesionales en la Dirección General de Proyectos de la Alcaldía de Managua durante noviembre 2015-octubre 2016 |
| 260 | |a Managua |b UNI |c 2016 | ||
| 300 | |a 58 p. :il. | ||
| 500 | |a Contiene: anexos e Incluye: CD. | ||
| 502 | |a Tesis (Arquitecto) - UNI, 2016. | ||
| 520 | 3 | |a Presenta un Informe de prácticas profesionales en la Dirección General de Proyectos de la Alcaldía de Managua durante noviembre 2015-octubre 2016. Dicho proyecto conlleva como objetivos, determinar la importancia social y cultural de este proyecto, que por su tipología arquitectónica requiere de estudio de áreas, estudio funcional, tipológico, estructural, y constructivo. | |
| 650 | 7 | |a EDIFICIOS DE CENTROS INFANTILES-DISEÑO Y CONSTRUCCIÓN | |
| 650 | 7 | |b DETALLLES ARQUITECTÓNICOS | |
| 650 | 7 | |c ARQUITECTURA-DISEÑOS Y PLANOS | |
| 650 | 7 | |d PRÁCTICAS PROFESIONALES | |
| 700 | 1 | |a Tutor: |b Pentzke Chamorro, Gerald | |
| 942 | |c BK |2 ddc | ||
| 991 | |a TESIS | ||
| 999 | |c 21375 | ||